Principles and practice of Nursing: senior nursing procedures/
Uloženo v:
| Hlavní autor: | |
|---|---|
| Médium: | Kniha |
| Jazyk: | angličtina |
| Vydáno: |
Jaypee Brothers Medical
2013
|
| Tagy: |
Přidat tag
Žádné tagy, Buďte první, kdo vytvoří štítek k tomuto záznamu!
|
MARC
| LEADER | 00000nam a22000007a 4500 | ||
|---|---|---|---|
| 008 | 210830b ||||| |||| 00| 0 eng d | ||
| 020 | |a 978-93-5090-181-6 | ||
| 100 | |a CORREIA, Cecy. | ||
| 245 | |a Principles and practice of Nursing: |b senior nursing procedures/ |c Cecy Correia.- |g xviii, 608p., ill. | ||
| 260 | |b Jaypee Brothers Medical |c 2013 |h London: |i 696223 ( Vol. II)- H/SC. |i 696224 |l RT71 .C81 |m Nursing – Study and teaching, |m Title. | ||
| 500 | |a “It includes index” | ||
| 942 | |a lcc |c BK |e j. o. ifatola |f 30/ 08/ 2021 | ||
| 952 | |0 0 |1 0 |2 lcc |4 0 |6 RT0071 C81 |7 0 |9 3325 |a HOL |b HOL |c QZ |d 2021-08-30 |l 0 |o RT71 .C81 |p 2021-67034 |r 2021-08-30 00:00:00 |w 2021-08-30 |y BK | ||
| 952 | |0 0 |1 0 |2 lcc |4 0 |6 RT0071 C81 |7 0 |9 3326 |a HOL |b HE |c QZ |d 2021-08-30 |l 0 |o RT71 .C81 |p 2021-67035 |r 2021-08-30 00:00:00 |w 2021-08-30 |y BK | ||
| 999 | |c 1659 |d 1659 | ||